000 01400nam a2200361 4500
999 _c46825
_d46825
001 768714001
003 CO-MdFUSB
005 20230331062544.0
008 160923b xxu||||| |||| 00| 0 eng d
020 _a0-8006-1543-3
040 _aCO-MdFUSB
_bEspañol
_cCO-MdFUSB
_dCO-MdFUSB
_erda
041 _aeng
082 _224
_a241.621
_bK78n
100 1 _aKoenig, John
_eautor.
245 1 0 _aNew Testament hospitality :
_bPartnership with strangers as promise and mission /
_cJohn Koenig
264 1 _aEugene, Oregon :
_bWipf and Stock Publishers,
_c[2001]
264 4 _c©1985
300 _axiii, 158 páginas
_c; 24 cm.
336 _2rdacontent
_atexto
_btxt
337 _2rdamedia
_asin mediación
_bn
338 _2rdacarrier
_avolumen
_bnc
501 _aRústico
504 _aIncluye índice (páginas: 151-158)
505 _aHospitalidad hacia los extranjeros y el amor de Dios - Compartiendo la fiesta del reino (Jesús) - Celebrando el uno al otro en la nueva humanidad (Pablo) - Invitados y anfitriones, juntos en la misión (Lucas) - Fronteras de la hospitalidad
563 _aRústico.
630 7 _aBiblia.
_pNuevo Testamento
_xCrítica, interpretación, etc.
650 7 _aÉtica cristiana
_2
_9185
650 7 _aHospitalidad
_xEnseñanza bíblica
_2
_9410
653 _aHospitalidad -- Fraternidad
942 _cBK
945 _aANF-558
_bAEM-53